00819nam a22001457a 4500003000900000005001700009008004100026040001300067245012900080250000600209260003600215300001800251490000600269520039800275IT-RoPau20220918175938.0130115b xxu||||| |||| 00| 0 eng d cIT-RoPau aCappella papale presieduta dal Santo Padre Giovanni Paolo II per la Beatificazione dei servi di Dio Giacomo Alberione ecc... aI aRomabTipografia Vaticanac2003 a200 p.c17 cm vI aIndice I. Profilo Biografico dei Servi di Dio: Giacomo Alberione Marco d' Aviano Maria Cristina Brando Eugenia Ravasco Maria Domenica Mantovani Giulia Salzano II. Preparazione alla Celebrazione III. Celebrazione dell' Eucarestia Riti di Introduzione Rito della Beatificazione Liturgia della Parola Liturgia Eucaristica Riti di Conclusione